| 000 | 01414cam a22003737a 4500 | ||
|---|---|---|---|
| 003 | CHAP | ||
| 005 | 20220329133721.0 | ||
| 008 | 971013s1991 r 00010 d | ||
| 010 | _a9889 | ||
| 011 | _a10861 | ||
| 035 | _a10099 | ||
| 040 | _cCHAP | ||
| 082 |
_a630.97248 _bP3 |
||
| 100 | 0 | 0 |
_aParedes Martínez, Carlos Salvador. _985517 |
| 245 | 1 | 3 |
_aLa región de Atlixco, Huaquechula y Tochimilco _b: la sociedad y su agricultura en el siglo XVI |
| 260 |
_aMéxico, D.F. : _bFondo de Cultura Económica, _c1991 |
||
| 300 |
_a175 p. _b: ilus. _e+ 3 mapas |
||
| 490 | 0 | _aColección Puebla | |
| 590 |
_aBATCH-UPD _b10 _c20130110 _lUCH01 _h1139 |
||
| 590 |
_aBATCH-UPD _b10 _c20130410 _lUCH01 _h0726 |
||
| 590 |
_aBATCH-UPD _b10 _c20130913 _lUCH01 _h2133 |
||
| 590 |
_aBATCH-UPD _b10 _c20130914 _lUCH01 _h1900 |
||
| 590 |
_aCONVERSION _b10 _c20130109 _lUCH01 _h1306 |
||
| 650 | 1 | 4 |
_aAgricultura _xHistoria _xPuebla. _91526 |
| 650 | 1 | 4 |
_aAgricultura _xPuebla. _91775 |
| 650 | 1 | 4 |
_aPuebla _xCondiciones sociales. _992872 |
| 650 | 1 | 4 |
_aPuebla _xHistoria. _992878 |
| 830 | 0 |
_aColección Puebla _924967 |
|
| 901 | _aBK | ||
| 942 | _cLIBRO | ||
| 949 |
_a630.97248 P3 _bBC _cLIBRO _d33724000049870 _eLIBRO _gI.c/e _h85344 _i10099 _si _t82.95 |
||
| 949 |
_a630.97248 P3 _bBC _cLIBRO _d33724000049888 _eLIBRO _fc.2 _gI.c/e _h85345 _i10099 _si _t82.95 |
||
| 949 |
_a630.97248 P3 _bBC _cLIBRO _d33724000049896 _eLIBRO _fc.3 _gI.c/e _h85346 _i10099 _si _t82.95 |
||
| 999 |
_c9889 _d9889 |
||